Cerámicas del Totonacapan (Record no. 10103)

MARC details
000 -CABECERA
campo de control de longitud fija 00724nam a2200229 a 4500
001 - NÚMERO DE CONTROL
campo de control BRL_1291
005 - FECHA Y HORA DE LA ÚLTIMA TRANSACCIÓN
campo de control 20190320211130.0
008 - DATOS DE LONGITUD FIJA--INFORMACIÓN GENERAL
campo de control de longitud fija 271213s1960----mx-abo####---#000-0#spa-#
041 ## - CÓDIGO DE LENGUA
Código de lengua del texto/banda sonora o título independiente spa
044 ## - CÓDIGO DEL PAÍS DE LA ENTIDAD EDITORA/PRODUCTORA
Código MARC del país mx
050 #4 - SIGNATURA TOPOGRÁFICA DE LA BIBLIOTECA DEL CONGRESO
Número de clasificación F1219.1.V47
Número de documento/Ítem .M43 1960
100 1# - ENTRADA PRINCIPAL--NOMBRE DE PERSONA
Nombre de persona Medellín Zenil, Alfonso
9 (RLIN) 24145
245 10 - MENCIÓN DE TÍTULO
Título Cerámicas del Totonacapan
Resto del título exploraciones arqueológicas en el centro de Veracruz
Mención de responsabilidad, etc. Alfonso Medellín Zenil.
260 ## - PUBLICACIÓN, DISTRIBUCIÓN, ETC.
Lugar de publicación, distribución, etc. Xalapa, Veracruz
Nombre del editor, distribuidor, etc. Unviersidad Veracruzana
Fecha de publicación, distribución, etc. 1960
300 ## - DESCRIPCIÓN FÍSICA
Extensión 217 p.
Otras características físicas il., láminas, mapas
Dimensiones 24 cm.
500 ## - NOTA GENERAL
Nota general Au1531
650 14 - PUNTO DE ACCESO ADICIONAL DE MATERIA--TÉRMINO DE MATERIA
Término de materia o nombre geográfico como elemento de entrada Totonacas
9 (RLIN) 26402
650 14 - PUNTO DE ACCESO ADICIONAL DE MATERIA--TÉRMINO DE MATERIA
Término de materia o nombre geográfico como elemento de entrada Cerámica indígena
Subdivisión geográfica Veracruz
9 (RLIN) 26403
651 #4 - PUNTO DE ACCESO ADICIONAL DE MATERIA--NOMBRE GEOGRÁFICO
Nombre geográfico Veracruz
Subdivisión general Antigüedades
9 (RLIN) 26404
902 ## - CATALOGADOR
Iniciales GRL
942 ## - ELEMENTOS DE PUNTO DE ACCESO ADICIONAL (KOHA)
Fuente del sistema de clasificación o colocación Library of Congress Classification
Tipo de ítem Koha Libros
Holdings
Estado de retiro Estado de pérdida Estado dañado No para préstamo Localización permanente Ubicación/localización actual Fecha de adquisición Número de inventario Total de préstamos Signatura topográfica completa Código de barras Fecha visto por última vez Precio válido a partir de Tipo de ítem Koha
El ejemplar forma parte de la colección y puede ser consultado según las políticas vigentes.       Biblioteca Centro de Estudios Ruth D. Lechuga Biblioteca Centro de Estudios Ruth D. Lechuga 27/12/2013 Au1531   F1219.1.V47 .M43 1960 (Au1531) GRL01448 22/03/2019 22/03/2019 Libros